00761naa a2200229 a 450000100080000000500110000800800410001910000230006024500950008326000090017830000100018765000110019770000250020870000250023370000230025870000180028170000190029970000200031870000230033870000170036177301530037818129232016-04-04 2008 bl uuuu u00u1 u #d1 aTEIXEIRA, H. C. A. aDesenvolvimento ponderal de reprodutores da raça pantaneira dos 10 aos 20 meses de idade. c2008 ap.512 aBovino1 aPAIVA NETO, M. A. de1 aNASCIMENTO, N. V. do1 aABREU, U. G. P. de1 aSANTOS, S. A.1 aJULIANO, R. S.1 aEGITO, A. A. do1 aMARIANTE, A. da S.1 aRAMOS, A. F. tIn: SIMPÓSIO BRASILEIRO DE RECURSOS GENÉTICOS, 2., 2008, Brasília, DF. Anais... Brasília, DF: Embrapa Recursos Genéticos e Biotecnologia, 2008.